| 000 | 00581nas a2200205 4500 | ||
|---|---|---|---|
| 001 | BR9600683 | ||
| 003 | BR-BrBNA | ||
| 005 | 20231205094643.0 | ||
| 007 | ta | ||
| 008 | 230509b bl.|||p| |||| 00| 00por d | ||
| 040 |
_aBR-BrBNA _bpor _cBiblioteca Nacional de Agricultura |
||
| 041 | _a(Pt) | ||
| 072 | _aE70 | ||
| 100 | 1 | _aAnon. | |
| 245 | 1 | _aA estrutura tributaria | |
| 650 | _aICMS | ||
| 773 | 0 |
_tAvicultura
Suinocultura Industrial (Brazil) _xISSN 0100-5804 _g(Aug 1991), v. 80(978) p. 36-44 _wBR9600683 |
|
| 909 |
_a202311 _bLúcia _c55 _dLúcia Elande |
||
| 942 |
_2AGRIS _n0 _cANA |
||
| 999 |
_c145908 _d145908 |
||